Statistics for The Amazing World of Gumball Characters

Click here to take the quiz!

General Stats

  • This quiz has been taken 1,146 times
  • The average score is 10 of 15

Answer Stats

HintAnswer% Correct
Male catGumball
99%
FishDarwin
98%
Male bunnyRichard
90%
Female bunnyAnais
85%
Female catNicole
85%
PeanutPenny
81%
BananaBanana Joe
70%
BalloonAlan
62%
Multicolored humanoidTobias
62%
GhostCarrie
61%
RobotBobert
59%
Ice creamSarah
56%
GiantHector
51%
CactusCarmen
44%
DinosaurTina Rex
37%

Score Distribution

Percentile by Number Answered

Percent of People with Each Score

Your Score History

You have not taken this quiz